000 01056njm a22002897a 4500
005 20100921151814.0
006 a|||||r|||||00| 0
007 sd ammalaaahaa
008 100901t xxu||||| |||| 00| 0 eng d
028 _aECLP. 5519
_bEMI
035 _aGR-07086
040 _aSED
_cSED
100 _aSuraiya
_917891
245 _aDard /
_cby Suraiya; music by Naushad; lyric by Shakeel Badayuni
_h[Sound recording]
246 _aदर्द / सुरैया द्वारा
260 _aDum Dum, India
_bEMI
_c1977
300 _a1 Sound disc [Gramophone Recording] :
_banalog, 33 1/3 rpm
_c12 in. (LP)
_fGramophone Record
500 _aBrief record
500 _aRecord Labels : EMI, Red
505 _aSide-1 (Beech bhanwar men) (Suraiya) --Side-2 (Chale dil ki duniya) (Suraiya)
600 _aSuraiya
_919718
650 _aFilm songs
_xExcerpts
_zIndia
_917892
700 _aNaushad
_920907
700 _aBadyuni, Shakeel
_920977
942 _2ddc
_cGR
999 _c47341
_d47341